000 00590nam a2200229Ia 4500
003 OSt
005 20220926044549.0
006 a|||||r|||| 00| 0
007 ta
008 220923b |||||||| |||| 00| 0 eng d
037 _cGeneral Book
040 _aRTL
_cRTL
_beng
041 _2eng
_aeng
082 _aX7r2D8.1
110 _aINDIA, FINANCE DEPARTMENT.
_9101940
245 0 _aFinancial Statement for, 1907-08
260 _c1908
300 _a211 p
_ccm.
700 _aINDIA, FINANCE DEPARTMENT.
_9101941
942 _hX7r2D8.1
_cGB
_2CC
999 _c675230
_d675230